Szczegóły MARC21

System prawa karnego procesowego. [T.] 10, Postępowanie przygotowawcze /

003 -Nazwa inst., której nr kontr. jest w polu 001 [,]
    • @
    • Nazwa instytucji, której n kontrolny jest w polu 001
    • NUKAT
005 -DATA I CZAS OSTATNIEJ MODYFIKACJI [,]
    • @
    • pole kontrolne
    • 20250513113043.0
020 -Międzynarod. znormalizowany nr książki - ISBN [ , ]
    • a
    • Numer ISBN
    • 9788326488146 Find
    • q
    • Dopowiedzenie
    • t. 4-18
020 -Międzynarod. znormalizowany nr książki - ISBN [ , ]
    • a
    • Numer ISBN
    • 9788327800800 Find
    • q
    • Dopowiedzenie
    • t. 1-3
020 -Międzynarod. znormalizowany nr książki - ISBN [ , ]
    • a
    • Numer ISBN
    • 9788380922419 Find
    • q
    • Dopowiedzenie
    • t. 10- wersja drukowana
040 -Instytucja sporządzająca opis [ , ]
    • a
    • Instytucja, która sporządziła opis (NP)
    • WA U/91UKP
    • c
    • Instytucja, która sporządziła rekord (NP)
    • WA U/UKP
    • d
    • Instytucja, która zmodyfikowała rekord (P)
    • WA U/EAD
    • d
    • Instytucja, która zmodyfikowała rekord (P)
    • WA U/OSZs
    • d
    • Instytucja, która zmodyfikowała rekord (P)
    • WR U/PAdjm
942 -Rodzaj dokumentu [ , ]
    • c
    • Rodzaj dokumentu
    • Książka
100 -Hasło główne - nazwa osobowa [1, ]
    • a
    • Nazwa osobowa (NP)
    • Cora, Stanisław.
    • 9
    • KHW
    • 87078
245 -Strefa tytułu i oznaczenia odpowiedzialności [1,0]
    • a
    • Tytuł
    • System prawa karnego procesowego. Find
    • n
    • Oznaczenie części (P)
    • [T.] 10,
    • p
    • Nazwa części (P)
    • Postępowanie przygotowawcze /
    • c
    • Pozostałe elementy strefy tytułu i oznaczenia odpowiedzialności (NP)
    • redakcja naukowa Ryszard A. Stefański ; autorzy: Stanisław Cora, Katarzyna Dudka, Krzysztof Eichstaedt, Andrzej Kiełtyka, Józef Koredczuk, Jacek Kosonoga, Cezary Kulesza, Maciej Rogalski, Jerzy Skorupka, Ryszard A. Stefański, Janusz Tylman, Krzysztof Woźniewski.
246 -Wariant tytułu [3,0]
    • a
    • Tytuł (NP)
    • Postępowanie przygotowawcze
246 -Wariant tytułu [1,8]
    • a
    • Tytuł (NP)
    • System
260 -Strefa adresu wydawniczego [ , ]
    • a
    • Miejsce wydania (P)
    • Warszawa :
    • b
    • Nazwa wydawcy (P)
    • Wolters Kluwer,
    • c
    • Data wydania (P)
    • 2016.
300 -Strefa opisu fizycznego [ , ]
    • a
    • Określenie formy książki i/lub objętość (NP)
    • 1643, [2] s. ;
    • c
    • Format (NP)
    • 24 cm.
336 -Typ zawartości [ , ]
    • a
    • Termin opisujący typ zawartości
    • Tekst
    • b
    • Kod określający zawartość
    • txt
    • 2
    • Źródło (terminu i kodu)
    • rdacontent
337 -Typ mediów [ , ]
    • a
    • Tryb odtwarzania
    • Bez urządzenia pośredniczącego
    • b
    • Kod typu mediów
    • n
    • 2
    • Źródło (terminu i kodu)
    • rdamedia
338 -Typ/rodzaj nośnika [ , ]
    • a
    • Hasło opisujące typ nośnika
    • Wolumin
    • b
    • Kod typu nośnika
    • nc
    • 2
    • Źródło (terminu i kodu)
    • rdacarrier
500 -Uwaga ogólna [ , ]
    • a
    • Uwaga ogólna (NP)
    • Opis wg okł., oznaczenie t. na s. 5 oraz przy ISBN.
500 -Uwaga ogólna [ , ]
    • a
    • Uwaga ogólna (NP)
    • Red. całości Piotr Hofmański.
504 -Uwaga dot. bibliogr. załącznikowej [ , ]
    • a
    • Uwaga dot. bibliografii załącznikowej
    • Bibliogr. s. 27-36 oraz przy rozdz. Indeks.
650 -Hasło przedmiotowe [ ,7]
    • a
    • Hasło przedmiotowe
    • Postępowanie karne
    • z
    • Określnik geograficzny
    • Polska.
    • 2
    • Źródło terminu
    • kaba
    • 9
    • KHW
    • 350008
650 -Hasło przedmiotowe [ ,7]
    • a
    • Hasło przedmiotowe
    • Postępowanie przygotowawcze
    • z
    • Określnik geograficzny
    • Polska.
    • 2
    • Źródło terminu
    • kaba
    • 9
    • KHW
    • 374331
700 -Hasło dodatkowe - nazwa osobowa [1, ]
    • a
    • Nazwa osobowa (NP)
    • Stefański, Ryszard A. Find
    • d
    • Daty biograficzne (NP)
    • (1944- ).
    • e
    • Określenie rodzaju współpracy
    • Red.
    • 9
    • KHW
    • 12654
700 -Hasło dodatkowe - nazwa osobowa [1, ]
    • a
    • Nazwa osobowa (NP)
    • Hofmański, Piotr Find
    • d
    • Daty biograficzne (NP)
    • (1956- ).
    • e
    • Określenie rodzaju współpracy
    • Red.
    • 9
    • KHW
    • 11304
700 -Hasło dodatkowe - nazwa osobowa [1, ]
    • a
    • Nazwa osobowa (NP)
    • Dudka, Katarzyna. Find
    • 9
    • KHW
    • 9648
700 -Hasło dodatkowe - nazwa osobowa [1, ]
    • a
    • Nazwa osobowa (NP)
    • Eichstaedt, Krzysztof. Find
    • 9
    • KHW
    • 11921
700 -Hasło dodatkowe - nazwa osobowa [1, ]
    • a
    • Nazwa osobowa (NP)
    • Kiełtyka, Andrzej. Find
    • 9
    • KHW
    • 1527
700 -Hasło dodatkowe - nazwa osobowa [1, ]
    • a
    • Nazwa osobowa (NP)
    • Koredczuk, Józef Find
    • d
    • Daty biograficzne (NP)
    • (1956- ).
    • 9
    • KHW
    • 488178
700 -Hasło dodatkowe - nazwa osobowa [1, ]
    • a
    • Nazwa osobowa (NP)
    • Kosonoga, Jacek Find
    • d
    • Daty biograficzne (NP)
    • (1975- ).
    • 9
    • KHW
    • 77040
700 -Hasło dodatkowe - nazwa osobowa [1, ]
    • a
    • Nazwa osobowa (NP)
    • Kulesza, Cezary. Find
    • 9
    • KHW
    • 39898
700 -Hasło dodatkowe - nazwa osobowa [1, ]
    • a
    • Nazwa osobowa (NP)
    • Rogalski, Maciej Find
    • d
    • Daty biograficzne (NP)
    • (1966- ).
    • 9
    • KHW
    • 1528
700 -Hasło dodatkowe - nazwa osobowa [1, ]
    • a
    • Nazwa osobowa (NP)
    • Skorupka, Jerzy Find
    • d
    • Daty biograficzne (NP)
    • (1960- ).
    • 9
    • KHW
    • 41989
700 -Hasło dodatkowe - nazwa osobowa [1, ]
    • a
    • Nazwa osobowa (NP)
    • Tylman, Janusz Find
    • d
    • Daty biograficzne (NP)
    • (1924-2020).
    • 9
    • KHW
    • 10512
700 -Hasło dodatkowe - nazwa osobowa [1, ]
    • a
    • Nazwa osobowa (NP)
    • Woźniewski, Krzysztof. Find
    • 9
    • KHW
    • 12062
710 -Hasło dodatkowe - nazwa ciała zbiorowego [2, ]
    • a
    • Nazwa ciała zbiorowego lub nazwa geograficzna jako pierwszy element (NP)
    • Wolters Kluwer Polska.
    • 4
    • Kod relacji
    • pbl
    • 9
    • KHW
    • 52677
920 -ISBN [ , ]
    • a
    • ISBN
    • 978-83-264-8814-6 Find
    • q
    • Dopowiedzenie
    • t. 4-18
920 -ISBN [ , ]
    • a
    • ISBN
    • 978-83-278-0080-0 Find
    • q
    • Dopowiedzenie
    • t. 1-3
920 -ISBN [ , ]
    • a
    • ISBN
    • 978-83-8092-241-9 Find
    • q
    • Dopowiedzenie
    • t. 10- wersja drukowana
Numer inwentarzowy Data inwentaryzacji Status udost. Lokalizacja Sygnatura
SA.247432019-04-101BSASA.24743